Verimsizlik tuzağından çıkış (Record no. 1807)

MARC details
000 -BAŞLIK
Sabit Uzunlukta Kontrol Alanı 01128na a2200313 4500
001 - KONTROL NUMARASI
Denetim Alanı 18076
003 - KONTROL NUMARASI IDENTIFIER
Denetim Alanı MIRAKIL
005 - SON İŞLEM TARİHİ VE ZAMANI
Denetim Alanı 20181213154835.0
008 - SABİT-BOY VERİ ELEMANLARI - GENEL BİLGİLER
Sabit Uzunlukta Kontrol Alanı 161110b tu 000 0
020 ## - ULUSLARARASI STANDART KİTAP NUMARASI
Uluslararası Standart Kitap Numarası 9786050309430
040 ## - KATALOGLAMA KAYNAK
Orijinal Kataloglama Ajansı Milas
Kataloglama Dili tur
Metne Dönüştürmek Ajansı TR-AnCHP
041 ## - DİL KODU
Metin / Ses Parça Veya Ayrı Başlığın Dil Kodu tur
082 ## - DEWEY ONLU SINIFLANDIRMA NUMARASI
Sınıflandırma Numarası 658.15
Ürün Numarası E65v 2016
090 ## - SINIFLAMA NUMARASI
Sınıflama Numarası 658.15 E65v 2016
100 ## - ANA GİRİŞ - KİŞİSEL İSİM
Kişisel Ad Ermer, Mehmet Aziz
245 ## - BAŞLIK TABLOSU
Başlık Verimsizlik tuzağından çıkış
Başlığın Kalan Türkiye için bir kalkınma modeli: yalın yönetim
Sorumluluk Tablosu, Vb Mehmet Aziz Ermer ; grafik Naci Demiray ; editör Demet Çoraklı
246 ## - UNVAN FORM VARYING
Başlık Doğru / Kısa Başlığı Türkiye için bir kalkınma modeli: yalın yönetim
260 ## - YAYIN, DAĞITIM, VB
Yayın, Dağıtım, Vb Yeri Bursa
Yayıncı, Dağıtıcı, Vs Adı [yayl. y.]
Yayın, Dağıtım, Vb Tarihi 2016
Üretici Firma Rota Barışçı Matbacılık
300 ## - FİZİKSEL TANIM
Kapsam 220 s.
Diğer Fiziksel Ayrıntıları şkl., grf., tbl.
Boyutlar 24 sm.
650 ## - KONU KATMA GİRİŞ - TOPİKAL DÖNEM
Topikal Süreli Veya Coğrafi Ad Giriş Elemanı Yenileşim yönetimi
650 ## - KONU KATMA GİRİŞ - TOPİKAL DÖNEM
Topikal Süreli Veya Coğrafi Ad Giriş Elemanı Yalın yönetim
650 ## - KONU KATMA GİRİŞ - TOPİKAL DÖNEM
Topikal Süreli Veya Coğrafi Ad Giriş Elemanı İşletmeler
Genel Alt Bölümü Stratejik planlama
Kronolojik Alt Bölümü Yalın yönetim
650 ## - KONU KATMA GİRİŞ - TOPİKAL DÖNEM
Topikal Süreli Veya Coğrafi Ad Giriş Elemanı Endüstriyel verimlilik
650 ## - KONU KATMA GİRİŞ - TOPİKAL DÖNEM
Topikal Süreli Veya Coğrafi Ad Giriş Elemanı Endüstriyel yönetim
651 ## - KONU KATMA GİRİŞ - COĞRAFİ ADI
Coğrafi İsim Türkiye
Genel Alt Bölümü Ekonomik kalkınma
Kronolojik Alt Bölümü Stratejik planlama
740 ## - KATMA GİRİŞ - KONTROLSUZ İLGİLİ / ANALİTİK BAŞLIK
Kontrol Edilmeyen / İlgili Analitik Başlıktaki Yalın yönetim
740 ## - KATMA GİRİŞ - KONTROLSUZ İLGİLİ / ANALİTİK BAŞLIK
Kontrol Edilmeyen / İlgili Analitik Başlıktaki Türkiye için bir kalkınma modeli: yalın yönetim
942 ## - EKLENDİ GİRİŞ ELEMANLARI (KOHA)
Sınıflandırma Veya Raf Düzeni Kaynak Dewey Decimal Classification
Koha Öğesi Türü Books
999 ## - SİSTEM KONTROL NUMARALARI (KOHA)
Koha Biblionumber 1807
Koha Biblioitemnumber 1807
Holdings
Kalıcı Konum Mevcut Konum Edinme Tarihi Edinim Kaynak Toplam Check-Out'Lar Tam Çağrı Numarası Barkod Tarih Son Görülme İtibaren Geçerli Fiyatlar Koha Öğesi Türü
CHP Kütüphanesi CHP Kütüphanesi 11/10/2016 Bağış   658.15 E65v 2016 009325 11/10/2016 11/10/2016 Books